[Event "Florianopolis op 8th"]
[Site "Florianopolis"]
[Date "2022.01.29"]
[Round "8"]
[White "Rodrigo Yanguas, Maria"]
[Black "Carstens Dobuchak, Thiago"]
[Result "1/2-1/2"]
[WhiteElo "1970"]
[BlackElo "2153"]
[PlyCount "33"]
[EventDate "2022.01.24"]
[EventType "swiss"]
[EventRounds "10"]
[EventCountry "BRA"]
[SourceTitle "EXT 2023"]
[Source "ChessBase"]
[SourceDate "2022.10.05"]
[SourceVersion "1"]
[SourceVersionDate "2022.10.05"]
[SourceQuality "1"]

1. d4 Nf6 2. Nc3 d5 3. Bf4 Bf5 4. Nb5 Na6 5. a3 c6 6. Nc3 e6 7. e3 Nc7 8. Nf3 Be7 9. h3 h6 10. Be2 Bh7 11. Ne5 Nd7 12. 0-0 0-0 13. Bf3 Nxe5 14. Bxe5 f5 15. Na4 Bd6 16. Bxd6 Qxd6 17. Nc5 1/2-1/2

[Event "Florianopolis op 8th"]
[Site "Florianopolis"]
[Date "2022.01.27"]
[Round "6"]
[White "Rodrigo Yanguas, Maria"]
[Black "Ferreira, Rodrigo Maycon Mira"]
[Result "1-0"]
[WhiteElo "1970"]
[BlackElo "1763"]
[PlyCount "74"]
[EventDate "2022.01.24"]
[EventType "swiss"]
[EventRounds "10"]
[EventCountry "BRA"]
[SourceTitle "CBM 206 Extra"]
[Source "ChessBase"]
[SourceDate "2022.03.31"]
[SourceVersion "1"]
[SourceVersionDate "2022.03.31"]
[SourceQuality "1"]

1. d4 d5 2. Bf4 Nf6 3. Nc3 a6 4. e3 Bf5 5. Nf3 g6 6. h3 Bg7 7. Be2 0-0 8. 0-0 h6 9. Ne5 g5 10. Bh2 Ne4 11. f4 Nxc3 12. bxc3 f6 13. Nd3 Nc6 14. g4 Bc8 15. f5 Re8 16. Nb4 Na5 17. Bf3 c6 18. e4 Nc4 19. Re1 a5 20. Nd3 dxe4 21. Rxe4 Nd6 22. Re2 e6 23. Bxd6 Qxd6 24. Qe1 Bd7 25. Nc5 exf5 26. Nxd7 Qxd7 27. gxf5 Rxe2 28. Qxe2 Qxf5 29. Bg4 Qf4 30. Kg2 Rf8 31. Rf1 Qd6 32. Bf3 Qd8 33. Qe6+ Kh7 34. Re1 Qc7 35. Re4 Qb6 36. Qd7 Qd8 37. Qxb7 Qd5 1-0

[Event "Malaga op 15th"]
[Site "Malaga"]
[Date "2021.10.29"]
[Round "2"]
[White "Strikovic, Aleksa"]
[Black "Rodrigo Yanguas, Maria"]
[Result "1-0"]
[WhiteElo "2459"]
[BlackElo "1992"]
[PlyCount "71"]
[EventDate "2021.10.29"]
[EventType "swiss"]
[EventRounds "7"]
[EventCountry "ESP"]
[SourceTitle "CBM 204 Extra"]
[Source "ChessBase"]
[SourceDate "2021.11.30"]
[SourceVersion "1"]
[SourceVersionDate "2021.11.30"]
[SourceQuality "1"]

1. c4 e6 2. Nf3 f5 3. g3 Nf6 4. Bg2 Be7 5. 0-0 0-0 6. b3 d6 7. d4 Ne4 8. Bb2 Bf6 9. Qc2 Nc6 10. Rd1 Qe8 11. d5 Nd8 12. Nd4 Bxd4 13. Bxd4 e5 14. Bb2 Qh5 15. f4 Rf6 16. Bf3 Qh3 17. e3 Nf7 18. Qg2 Qh6 19. Nc3 Nxc3 20. Bxc3 g5 21. c5 Rg6 22. Bd2 e4 23. Be2 dxc5 24. Rac1 b6 25. b4 Bb7 26. Bc3 Rd8 27. bxc5 Bxd5 28. a4 Qf8 29. Bh5 Rc6 30. Bxf7+ Bxf7 31. Ba1 Rxd1+ 32. Rxd1 Qxc5 33. Qe2 Bc4 34. Rd8+ Kf7 35. Qh5+ Ke6 36. Qe8+ 1-0

[Event "Palma de Mallorca (Women) 1st"]
[Site "Palma de Mallorca"]
[Date "2021.10.24"]
[Round "4"]
[White "Bibilashvili, Lali"]
[Black "Rodrigo Yanguas, Maria"]
[Result "1/2-1/2"]
[WhiteElo "1892"]
[BlackElo "1992"]
[PlyCount "58"]
[EventDate "2021.10.22"]
[EventType "swiss"]
[EventRounds "5"]
[EventCountry "ESP"]
[SourceTitle "CBM 204 Extra"]
[Source "ChessBase"]
[SourceDate "2021.11.30"]
[SourceVersion "1"]
[SourceVersionDate "2021.11.30"]
[SourceQuality "1"]

1. Nf3 e6 2. g3 f5 3. Bg2 Nf6 4. 0-0 Be7 5. d3 0-0 6. c4 d6 7. Nc3 e5 8. e4 f4 9. d4 fxg3 10. hxg3 exd4 11. Nxd4 Ng4 12. Nf5 Ne5 13. f4 Ng6 14. Qh5 Nd7 15. Be3 Nf6 16. Qe2 Be6 17. Rad1 Qd7 18. Nxe7+ Nxe7 19. f5 Bf7 20. g4 Nc6 21. Bf4 Rae8 22. c5 Ne5 23. Bxe5 Rxe5 24. cxd6 cxd6 25. Bf3 h6 26. Qd3 Rd8 27. Rf2 Nh7 28. Rfd2 Ng5 29. Bg2 Qc6 1/2-1/2

[Event "ESP-chT CECLUB Div1"]
[Site "Linares"]
[Date "2021.09.14"]
[Round "7.2"]
[White "Rodriguez Redondo, Adhara"]
[Black "Rodrigo Yanguas, Maria"]
[Result "1-0"]
[WhiteElo "2042"]
[BlackElo "2022"]
[PlyCount "111"]
[EventDate "2021.09.08"]
[EventType "team-tourn"]
[EventRounds "7"]
[EventCountry "ESP"]
[SourceTitle "CBM 204 Extra"]
[Source "ChessBase"]
[SourceDate "2021.11.30"]
[SourceVersion "1"]
[SourceVersionDate "2021.11.30"]
[SourceQuality "1"]
[WhiteTeam "Barcelona CE"]
[BlackTeam "Virgen de Atocha"]
[WhiteTeamCountry "ESP"]
[BlackTeamCountry "ESP"]

1. e4 c5 2. Nf3 Nc6 3. d4 cxd4 4. Nxd4 e5 5. Nb5 a6 6. Nd6+ Bxd6 7. Qxd6 Qe7 8. Qd1 Nf6 9. Nc3 d6 10. Bg5 Be6 11. Nd5 Bxd5 12. exd5 Nb8 13. Be2 Nbd7 14. c4 a5 15. 0-0 0-0 16. f4 Rfe8 17. f5 Qd8 18. Be3 e4 19. Qe1 Ne5 20. Qg3 Kh8 21. Rf4 Qc7 22. Rh4 Nd3 23. b3 a4 24. Rf1 axb3 25. axb3 Ra3 26. Bd1 Ne5 27. Rh3 b5 28. cxb5 Qb7 29. Bg5 Qb6+ 30. Kh1 Qxb5 31. Re1 Ned7 32. Qxd6 Ra6 33. Qg3 Qxd5 34. Be2 Ra2 35. Bc4 Qe5 36. Bxf7 Ra1 37. Bh4 Rxe1+ 38. Qxe1 Ra8 39. Rc3 Ng4 40. Bg3 Qxf5 41. Bc4 Nde5 42. h3 Nf6 43. Rc2 Nh5 44. Bh2 Nd3 45. Bxd3 exd3 46. Rf2 Qc5 47. Rd2 Qc3 48. Be5 Qxb3 49. Qe4 Qb1+ 50. Kh2 Rd8 51. Qh4 Qb6 52. Qxh5 Qe3 53. Rd1 Kg8 54. Bg3 Rc8 55. Qd5+ Kh8 56. Qxd3 1-0

[Event "Madrid-chT 1920 Honor"]
[Site "Madrid"]
[Date "2020.02.16"]
[Round "9.6"]
[White "Rodrigo Yanguas, Maria"]
[Black "Exposito Perez, Luis"]
[Result "1/2-1/2"]
[WhiteElo "2096"]
[BlackElo "1939"]
[PlyCount "95"]
[EventDate "2019.11.24"]
[EventType "team-tourn"]
[EventRounds "12"]
[EventCountry "ESP"]
[SourceTitle "EXT 2021"]
[Source "ChessBase"]
[SourceDate "2020.10.23"]
[SourceVersion "1"]
[SourceVersionDate "2020.10.23"]
[SourceQuality "1"]
[WhiteTeam "Virgen de Atocha"]
[BlackTeam "Getafe"]
[WhiteTeamCountry "ESP"]
[BlackTeamCountry "ESP"]

1. e4 e6 2. d4 d5 3. Nd2 dxe4 4. Nxe4 Nf6 5. Bd3 Nbd7 6. Be3 Be7 7. Qe2 c6 8. 0-0-0 Nxe4 9. Bxe4 Nf6 10. Bd3 Nd5 11. c3 Nxe3 12. fxe3 Bf6 13. Nf3 Qc7 14. g4 g6 15. Rhf1 Rf8 16. Nd2 Bg7 17. Ne4 Qe7 18. Nc5 b6 19. Be4 Bb7 20. Qg2 Rc8 21. Nd3 Qd6 22. g5 Ba6 23. Rf4 Bxd3 24. Bxd3 Qd5 25. Be4 Qxa2 26. Bxc6+ Ke7 27. Rdf1 Rc7 28. R1f2 Kd6 29. Be4 Qa1+ 30. Bb1 Qa4 31. Qf1 Qd7 32. Bc2 Qe7 33. h4 Rd7 34. Ba4 Rb7 35. Qb5 Kc7 36. Bc2 Kb8 37. Be4 Rc7 38. Qf1 e5 39. Rg4 exd4 40. exd4 Bxd4 41. Re2 Be5 42. Bc2 Qd6 43. Rge4 Re7 44. Kb1 Rfe8 45. Ba4 Qd3+ 46. Bc2 Qd6 47. Ba4 Qd3+ 48. Bc2 1/2-1/2

[Event "San Sebastian de los Reyes op 20th"]
[Site "San Sebastian"]
[Date "2018.12.02"]
[Round "2"]
[White "Rodrigo Yanguas, Maria"]
[Black "Anton Quevedo, Andrea"]
[Result "1-0"]
[WhiteElo "2053"]
[BlackElo "1876"]
[PlyCount "45"]
[EventDate "2018.12.01"]
[EventType "swiss"]
[EventRounds "9"]
[EventCountry "ESP"]
[SourceTitle "CBM 187 Extra"]
[Source "ChessBase"]
[SourceDate "2018.11.04"]
[SourceVersion "1"]
[SourceVersionDate "2018.11.04"]
[SourceQuality "1"]

1. e4 c5 2. Nf3 e6 3. d4 cxd4 4. Nxd4 a6 5. Be2 Nc6 6. 0-0 Nf6 7. Nxc6 bxc6 8. e5 Nd5 9. c4 Nb6 10. Bf4 Be7 11. Nc3 0-0 12. Ne4 a5 13. Bd3 Ba6 14. Rc1 d5 15. exd6 Bf6 16. Qh5 g6 17. Nxf6+ Qxf6 18. Be5 Qd8 19. Qh6 f6 20. Bd4 Nd7 21. Bxg6 hxg6 22. Qxg6+ Kh8 23. Rc3 1-0

[Event "ESP-ch rapid"]
[Site "Linares"]
[Date "2018.08.19"]
[Round "1"]
[White "Cruz Lledo, Pablo"]
[Black "Rodrigo Yanguas, Maria"]
[Result "1-0"]
[WhiteElo "2432"]
[BlackElo "2062"]
[PlyCount "77"]
[EventDate "2018.08.19"]
[EventType "swiss (rapid)"]
[EventRounds "9"]
[EventCountry "ESP"]
[SourceTitle "CBM 186 Extra"]
[Source "ChessBase"]
[SourceDate "2018.08.24"]
[SourceVersion "1"]
[SourceVersionDate "2018.08.24"]
[SourceQuality "1"]

1. d4 Nf6 2. c4 g6 3. Nc3 Bg7 4. e4 d6 5. Nge2 0-0 6. f3 c5 7. d5 e6 8. Ng3 Nh5 9. Nxh5 gxh5 10. Be3 f5 11. exf5 exf5 12. Qd2 Nd7 13. f4 Nf6 14. 0-0-0 a6 15. Qc2 Bd7 16. Bd3 Ng4 17. Bg1 b5 18. h3 Nh6 19. Bf2 b4 20. Ne2 Qa5 21. Kb1 Ba4 22. b3 Bd7 23. Ng3 Qd8 24. Nxh5 Be8 25. Nxg7 Kxg7 26. g4 Bg6 27. g5 Ng8 28. Be3 a5 29. Bc1 Rf7 30. Bb2+ Kf8 31. Rdg1 a4 32. h4 axb3 33. axb3 Bh5 34. Be2 Bxe2 35. Qxe2 Qa5 36. g6 hxg6 37. Rxg6 Re7 38. Rxg8+ Kxg8 39. Qxe7 1-0

[Event "San Sebastian de los Reyes op 19th"]
[Site "San Sebastian"]
[Date "2017.12.10"]
[Round "9"]
[White "Largo Barbero, Benito"]
[Black "Rodrigo Yanguas, Maria"]
[Result "0-1"]
[WhiteElo "1925"]
[BlackElo "2071"]
[PlyCount "128"]
[EventDate "2017.12.02"]
[EventType "swiss"]
[EventRounds "9"]
[EventCountry "ESP"]
[SourceTitle "CBM 182 Extra"]
[Source "ChessBase"]
[SourceDate "2018.02.23"]
[SourceVersion "1"]
[SourceVersionDate "2018.02.23"]
[SourceQuality "1"]

1. d4 Nf6 2. Bf4 e6 3. Nf3 c5 4. c3 b6 5. e3 Bb7 6. Bd3 Be7 7. Nbd2 cxd4 8. exd4 0-0 9. Qe2 d6 10. h4 Nbd7 11. Rh3 Re8 12. 0-0-0 Qc7 13. Bc2 Bf8 14. Bg5 e5 15. dxe5 dxe5 16. Bxf6 Nxf6 17. g4 b5 18. h5 e4 19. Nd4 b4 20. c4 Qf4 21. g5 Qxg5 22. Kb1 Qg4 23. Qe3 Bd6 24. Rhh1 Bf4 25. Qb3 Bxd2 26. Rhg1 Qf4 27. Ne2 Qh6 28. Ng3 Re5 29. Qa4 a5 30. a3 bxa3 31. Qxa3 Bb4 32. Qa4 Rc8 33. Ne2 Bc6 34. Qb3 Rxh5 35. Nd4 Bd7 36. Qg3 Bf8 37. Ne2 Bg4 38. Rde1 Rh3 39. Qe5 Qh5 40. Qd4 Bc5 41. Qd2 Bxe2 42. Rxe2 Rh1 43. Ree1 Rxg1 44. Rxg1 Bf8 45. Qd4 Qh2 46. Rg3 Kh8 47. Ka2 Qh5 48. Qc3 Qc5 49. Bb3 a4 50. Bxa4 Qxc4+ 51. Qxc4 Rxc4 52. Bb3 Rc7 53. Bd1 h5 54. Rb3 Kh7 55. Rb8 Bd6 56. Rd8 Be5 57. b4 Rd7 58. Rxd7 Nxd7 59. Bxh5 g6 60. Be2 Bd4 61. f3 e3 62. Kb3 Nb6 63. Kc2 Nd5 64. Kd3 Bb6 0-1